000 00204 a2200085 4500
020 _a9788180566486
100 _aSUTTON TINA , YES
245 _aThe Complete Color Harmony
260 _bBJAIN PUBLISHERS PVT. LTD
999 _c13265
_d13265